Catalog

Record Details

Catalog Search



Evolution 2.0 Implications of Darwinism in Philosophy and the Social and Natural Sciences  Cover Image E-book E-book

Evolution 2.0 [electronic resource] : Implications of Darwinism in Philosophy and the Social and Natural Sciences / edited by Martin Brinkworth, Friedel Weinert.

Record details

  • ISBN: 9783642204968
  • Physical Description: XII, 264 p. online resource.
  • Publisher: Berlin, Heidelberg : Springer Berlin Heidelberg : 2012.
Subject: Philosophy (General).
Biology > Philosophy.
Evolution (Biology).
Applied psychology.
Philosophy.
Philosophy of Biology.
Evolutionary Biology.
Sociology, general.
Biological Psychology.

Electronic resources


LDR 01728nam a22004575i 4500
00140582
003CONS
00520131130062236.0
007cr nn 008mamaa
008111005s2012 gw | s |||| 0|eng d
020 . ‡a9783642204968 ‡9978-3-642-20496-8
0247 . ‡a10.1007/978-3-642-20496-8 ‡2doi
035 . ‡a(DE-He213)978-3-642-20496-8
050 4. ‡aQH331
072 7. ‡aHP ‡2bicssc
072 7. ‡aPHI021000 ‡2bisacsh
072 7. ‡aSCI086000 ‡2bisacsh
1001 . ‡aBrinkworth, Martin. ‡eeditor.
24510. ‡aEvolution 2.0 ‡h[electronic resource] : ‡bImplications of Darwinism in Philosophy and the Social and Natural Sciences / ‡cedited by Martin Brinkworth, Friedel Weinert.
264 1. ‡aBerlin, Heidelberg : ‡bSpringer Berlin Heidelberg : ‡bImprint: Springer, ‡c2012.
300 . ‡aXII, 264 p. ‡bonline resource.
336 . ‡atext ‡btxt ‡2rdacontent
337 . ‡acomputer ‡bc ‡2rdamedia
338 . ‡aonline resource ‡bcr ‡2rdacarrier
347 . ‡atext file ‡bPDF ‡2rda
4901 . ‡aThe Frontiers Collection, ‡x1612-3018
650 0. ‡aPhilosophy (General).
650 0. ‡aBiology ‡xPhilosophy.
650 0. ‡aEvolution (Biology).
650 0. ‡aApplied psychology.
65014. ‡aPhilosophy.
65024. ‡aPhilosophy of Biology.
65024. ‡aEvolutionary Biology.
65024. ‡aSociology, general.
65024. ‡aBiological Psychology.
7001 . ‡aWeinert, Friedel. ‡eeditor.
7102 . ‡aSpringerLink (Online service)
7730 . ‡tSpringer eBooks
77608. ‡iPrinted edition: ‡z9783642204951
830 0. ‡aThe Frontiers Collection, ‡x1612-3018
85640. ‡uhttp://biblioteca.ipicyt.edu.mx:2048/login?url=http://dx.doi.org/10.1007/978-3-642-20496-8 ‡yTexto completo ‡9CONS
950 . ‡aHumanities, Social Sciences and Law (Springer-11648)
901 . ‡a40582 ‡b ‡c40582 ‡tbiblio ‡sSystem Local

Additional Resources